Pairs #46 (Literature Edition) - Statistics

General Stats
  • This quiz has been taken 168 times
  • The average score is 13 of 25
Answer Stats
Hint Extra Hint Explanation Answer % Correct
Harry Potter novel Harry Potter and the Order of the Phoenix, the fifth novel in J. K. Rowling’s fantasy series, and the inspiration for a 2007 film of the same name. the Order of the Phoenix
98%
Hansel fairy tale “Hansel and Gretel” (Hänsel und Gretel), a German fairy tale collected by the Brothers Grimm and also known as “Little Step Brother and Little Step Sister.” Gretel
96%
Dr. Jekyll character(s) Dr. Jekyll and Mr. Hyde. Two personalities of a character in Robert Louis Stevenson’s 1886 novella Strange Case of Dr Jekyll and Mr Hyde. Mr. Hyde
95%
Samson characters In the biblical Book of Judges, Samson was the last of the judges of the ancient Israelites, who was given superhuman strength. His lover Delilah betrayed him by ordering a servant to cut Samson’s long hair while he slept, nullifying his strength. Delilah
85%
The Prince novel The Prince and the Pauper, Mark Twain’s 1881 novel. the Pauper
80%
Othello characters Othello and Desdemona, characters in William Shakespeare’s Othello. Othello is a Moorish mercenary in the service of the Venetian Republic. Desdemona elopes with him, but when Othello becomes convinced that Desdemona has been unfaithful to him, Othello strangles her. When Othello later learns he had been deceived about Desdemona’s infidelity, he commits suicide. Desdemona
79%
Orpheus characters Orpheus and Eurydice, characters in an Ancient Greek legend about a supernaturally talented lyre player who travels to the underworld to retrieve his deceased wife. Eurydice
73%
Punch characters Mr. Punch and his wife Judy, principal characters in traditional British puppet shows since c. 1662. Judy
70%
Frog series Frog and Toad. A series of easy-reader children’s books (1970-1979), written and illustrated by Arnold Lobel. Toad
68%
The Sound novel The Sound and the Fury, William Faulkner’s 1929 novel. the Fury
66%
Love story “Love and Freindship [sic],” a juvenile story written by Jane Austen c. 1790. Freindship
65%
Jacob characters Jacob and Esau, fraternal twins, sons of Isaac and Rebecca, and characters in a Book of Genesis story in which Esau sells his birthright to Jacob. Esau
54%
Hawkeye Collins characters Christopher "Hawkeye" Collins and Amanda “Amy” Adams, a pair of 12-year-old detectives in the “Can You Solve The Mystery?” series of children’s novels (1983-1985) credited to M. Masters (a pseudonym for various authors). Amy Adams
53%
Shadow novel; series Shadow and Bone, a 2012 young adult fantasy novel by Leigh Bardugo, and the first novel in a trilogy with the same name. Bone
50%
Paris characters Paris and Helen, characters in the story of the Trojan War. Helen
49%
Hawk characters Hawk and Dove. A pair of DC superheroes who debuted in Showcase #75 (June 1968) and who have gone through several iterations. Dove
44%
Ruslan poem “Ruslan and Ludmila” (Русла́нъ и Людми́ла), an 1820 poem written as an epic fairy tale by Alexander Pushkin. Ludmila
41%
The Fox fable; characters “The Fox and the Crow,” a fable attributed to Æsop, warning against listening to flattery.

Also, the Fox and the Crow are a pair of anthropomorphic cartoon characters who appeared in their own DC comic book from 1952-1968.
the Crow
41%
The Farmer fable “The Farmer and His Sons,” a fable attributed to Æsop illustrating both the value of hard work and the need to temper parental advice with practicality. His Sons
38%
The Fisher-Girl fairy tale “The Fisher-Girl and the Crab,” an Indian fairy tale collected by Verrier Elwin. the Crab
38%
The Fisherman fable “The Fisherman and His Flute,” a fable attributed to Æsop, about a fisherman who tries to make fish dance by playing music. His Flute
23%
The Frog fable “The Frog and the Fox,” a fable attributed to Æsop, poking fun at medical quacks. the Fox
16%
The Bear novel The Bear and the Nightingale, a 2017 historical fantasy novel written by Katherine Arden, and the first novel in her Winternight trilogy. the Nightingale
10%
The Tortoise fable “The Tortoise and the Birds,” a fable that probably originated as a folk tale. Numerous versions, with variant morals, exist. the Birds
8%
The Dog fairy tale "The Dog and the Sparrow" (Der Hund und der Sperling), a German fairy tale collected by the Brothers Grimm. the Sparrow
8%
No matching quizzes found
Score Distribution
Percent of People with Each Score
Percentile by Number Answered
Your Score History
You have not taken this quiz